Quizzes
Events
Quiz Creation
Community
Videos
Private Events
Remove Ads
Sign In
Join for FREE
Feedback
Dark Mode
Quiz Categories
Sports
Geography
Music
Movies
Television
Just For Fun
Miscellaneous
History
Literature
Language
Science
Gaming
Entertainment
Religion
Holiday
For Kids
Quiz Lab
Recent
Popular Today
Quiz Kudos Today
Editor Picks
Curator Picks
Quizzes by...
Day
Popularity
Type
Ratings
Length
Year
Community
Subscriptions
Recent Discussions
Orange Saloon
Badges
Playlists
Quests
Create
Leaderboards
Showdown
Live 5
Trivia Bingo
Activity
Puzzle Library
Sporcle Events
Private Events
Virtual Trivia
Globe League
Become a Host
Pub Owners
SporcleCon
Opinionation
Our Games
Videos
Blog
Mobile Apps
Partnerships
Remove Ads and Go Orange
Feedback
Language
Vocabulary
Begins and Ends
Definition
Spanish
French
German
Italian
Chinese
Latin
Translation
Japanese
Language
Vocabulary
Begins and Ends
Definition
Spanish
French
German
Italian
Chinese
Latin
Translation
Japanese
Random Quiz
Search Sporcle
×
Quiz Lab
Quiz Lab
Language
Saying
Type in answers that appear in a list
Type in answers that appear in a list
Classic
Best Score? Go Orange.
Body Part Sayings Stats
Can you name the Common sayings containing body parts ?
By
Purpular
10m
20 Questions
85 Plays
85 Plays
85 Plays
Comments
Comments
Give Quiz Kudos
Give Quiz Kudos
-
- Ratings
hide this ad
Replay
Link that replays current quiz
Next Quiz
Link to next quiz in quiz playlist
You Got
0%
They Got
Avg Score
19%
Avg Friend Score
Upgrade to see
Score Distribution
Jump to the score distribution portion of the page
Score
0/20
Timer
10:00
0
Plays Today
Meaning
Saying
% Correct
Madly in love
Head over heels
47.1%
Speechless
Cat got your tongue
42.4%
Spotted during the crime
Caught red handed
40%
Help out
Lend a hand
37.6%
Put some effort in!
Use some elbow grease
31.8%
Expensive
Cost an arm and a leg
29.4%
Doing something to prove a point, even at your detriment
Cut off your nose to spite your face
24.7%
Feel nervous
Butterflies in your stomach
23.5%
Only just made it
By the skin of your teeth
23.5%
Comply with regulations
Toe the line
15.3%
Meaning
Saying
% Correct
Can't quite remember
On the tip of your tongue
15.3%
Old
Long in the tooth
12.9%
Don't be ungrateful
Don't look a gift horse in the mouth
10.6%
Deal with the consequences
Face the music
8.2%
Annoying
Pain in the neck
8.2%
The best
The bees knees
8.2%
The benefits of teamwork
Many hands make light work
7.1%
Dumped
Heart Broken
3.5%
Single
Foot loose and fancy free
1.2%
Money moving rapidlu
Hand over fist
1.2%
Quiz Playlist
Details
Report
Send in Message
Add To Playlist
Classic:
Type in answers that appear in a list
Last Updated: Feb 16, 2017
Quiz Scoreboard
CHALLENGE
Sign Up to Join the Scoreboard
Show All
Scores
Hide
Comments
May contain spoilers
Recently Published
College Basketball Coaching Resumes
by pancakes188
Sports
9m
Billboard Blitz: Fleetwood Mac
by CooCooCachoo
Music
15s
Presidents Visiting Landmarks
by Hejman
History
7m
More to Explore
Quiz From the Vault
Featured Blog Post
Where Did the Easter Bunny Come From?
hide this ad
You Might Also Like...
Tags
Body
common
Saying
Today's Top Quizzes in Language
Browse Language
hide this ad
Today's Top Quizzes in Saying
Browse Saying
Top Contributed Quizzes in Language
1
1-10 Letter F Words III
2
1-10 Letter G Words III
3
Alphabetize! : 'As' words
4
1-10 Letter H Words III
5
Order Up: Top 10 Most Native Spoken Languages
6
One Thing in Common: Italy
7
1-10 Letter I Words III
8
1-10 Letter J Words III
9
Weisst du, aus welchen Sprachen diese Wörter stammen?
10
Celtic Nations in their Language
Explore More
Trending Topics
Marvel
NBA
Anime
Crossword
Kpop
Disney
Harry Potter
Soccer
Puzzle
Song
Country
Pokémon
WWE
The Office
NFL
hide this ad
More By:
Purpular
Quiz
Plays
Rating
Category
Featured
Created
Advert Slogans (UK)
2,591
5.00
Television
Mar 17, 2010
Colourful Songs
104
3.00
Music
Mar 12, 2010
Crime Authors
96
5.00
Literature
Mar 12, 2010
Body Part Sayings
85
3.00
Language
Mar 23, 2010
Go to Creator's Profile
Score Distribution
Quiz Creator Spotlight
Purpular
Follow
Send a Message
Quizzes Created
-
Created Quiz Play Count
-
More By This Creator
Popular Quizzes Today
1
Find the US States - No Outlines Minefield
2
Find the Countries of Europe - No Outlines Minefield
3
The Countries of the World
4
Find the US States
5
Risky Map Clicking: Biggest States A-Z
6
US States
7
Popular People in 1961
8
Movies - When Are They Set?
More Language Quizzes
Ends with...'tch'
Published
Trending Quizzes
Risky Map Clicking: Least Populous States A-Z
1-10 Letter G Words
1-10 Letter F Words
Risky Map Clicking: Next State Alphabetically
Risky Map Clicking: Biggest States A-Z
Recently Updated
Leaping Animals
pecheneg
Reality TV Shows (A-Z)
bhenderson79
Rickey Henderson's Hall of Fame Teammates
pecheneg
Champions League XIs: Arsenal
pecheneg
Quick Pick: Celebrities in WWE's Hall of Fame
aduchscher
A-Z Keypad Blitz II
pecheneg
Multiple Oscar Actors
pecheneg
Mystery Phrase Blitz: Oscar 'Best Actors'
pecheneg
F. Scott Fitzgerald Novels
LTH
Pick 3 Villains
ddd62291
Trending Topics
Harry Potter
Disney
Crossword
Kpop
Anime
Marvel
NBA
Puzzle
The Office
Soccer
Country
NFL
Song
WWE
Pokémon
Your Account Isn't Verified!
In order to create a playlist on Sporcle, you need to verify the email address you used during registration. Go to your
Sporcle Settings
to finish the process.
Report this User
Report this user for behavior that violates our
Community Guidelines
.
Details:
Send Report
Go to the Sporcle.com Mobile Site →
Comments